000 005610000a22001930004500
090 _aAR
_b00230
245 1 0 _aEine neue rasse der dachschildkröte, Kachuga tecta
650 1 4 _aHerpetofauna
_94239
650 1 4 _aReptiles
_992767
650 1 4 _aTortugas
_992709
650 1 4 _aBiología animal
_911433
650 1 4 _aMorfología animal
_99953
650 1 4 _aBiología animal
_911433
653 _gKachuga
_eKachuga tecta
041 0 _aAlemán
100 1 _aMertens, Robert
_993053
942 _cARTICULO
773 1 _tSenckenbergiana Biologica
_32
_h1-2
_q23-30
_d1969
_g50
999 _c9330
_d9330